000 00396nam a22001697a 4500
003 MPLRDC
005 20220104145616.0
008 210129b ||||| |||| 00| 0 eng d
082 _a870.8 AJL
100 _a阿捷里.库图依等著
245 _a没有寄出的信
_c
250 _a初版
260 _a
_b香港上海书局
_c1961
300 _b
650 _a
942 _cBK
_o870.8 AJL
999 _c51414
_d51404